000 02274 a2200277 4500
001 54742
005 20260407155823.0
008 260407a1970 arg spa d
003 AR-UNSa-BCEJYS
040 _aAR-UNSa-BCEJYS
_bspa
_cAR-UNSa-BCEJYS
080 _a338
_xSituación económica. Política económica. Gestión de la economía. Planificación de la economía. Producción. Servicios. Precios
245 1 0 _aEstudio socioeconómico de Andalucia
264 1 _aMadrid :
_bInstituto de Desarrollo Económico
_c1970
300 _a3 v.
_c21 cm.
505 _aTOMO I: 1. Introducción – 2. Aspectos básicos de la situación socioeconómica de Andalucía en el quinquenio 196-1965 – 3. Precisiones metodológicas – 4. Análisis variables básicas – 5. Los medios rural y urbano – 6. Clases sociales subjetivas – 7. Clases sociales objetivas – 8. Distribución de la renta – 9. La emigración en origen – 10. La mentalidad tradicional - - TOMO II: 1. Observaciones generales: obstáculos a la investigación sociedad en Andalucía – 2. Población y migraciones – 3. La población como factor de la oferta de trabajo – 4. Desempleo – 5. Vivienda – 6. Sanidad – 7. Educación – 8. Ingresos y hábitos de consumo y ahorro - - TOMO III: Primera Parte: EL SECTOR AGRARIO: 1. Introducción – 2. La agricultura andaluza y el desarrollo socioeconómico – 3. Condiciones naturales y técnicas para la producción agrícola – 4. Estructura social y rural y régimen de tendencia de la tierra – 5. Problemas económicos de las explotaciones y de la comercialización agrícola – 6. Estructura de los organismos – 7. Relaciones entre industrias y agricultura – 8. Problemas de los municipios rurales – 9. Perspectivas para el futuro – 10. Educación e investigación - - Segunda Parte: FACTORES GEOGRAFICOSEN EL DESARROLLO DE ANDALUCIA: 1. Los factores naturales – 2. Regiones geográficas – 3. E hombre y la economía.
041 _aspa
942 _cBK
590 _aniveau_biblio:m niveau_hierar:0
100 1 _aMurillo, Francisco
700 1 _aVarela, Gregorio
700 1 _aJIménez Blanco, José
700 1 _aGarcia Barbancho, Alfonso
700 1 _aBosque, Joaquin
700 1 _aLinz, Juan J,
700 1 _aKade
999 _c5764
_d5764